<?xml version="1.0" encoding="UTF-8"?>
<record
    xmlns:xsi="http://www.w3.org/2001/XMLSchema-instance"
    xsi:schemaLocation="http://www.loc.gov/MARC21/slim http://www.loc.gov/standards/marcxml/schema/MARC21slim.xsd"
    xmlns="http://www.loc.gov/MARC21/slim">

  <leader>04826nam a2200469Ii 4500</leader>
  <controlfield tag="001">DIGUAH0035</controlfield>
  <controlfield tag="003">NyNyDIG</controlfield>
  <controlfield tag="008">171207s2013    cl a    ob    000 0 spa d</controlfield>
  <controlfield tag="006">m     o  d        </controlfield>
  <controlfield tag="007">cr |||||||||||</controlfield>
  <datafield tag="035" ind1=" " ind2=" ">
    <subfield code="a">(OCoLC)927020477</subfield>
  </datafield>
  <datafield tag="040" ind1=" " ind2=" ">
    <subfield code="a">DGITA</subfield>
    <subfield code="b">eng</subfield>
    <subfield code="e">rda</subfield>
    <subfield code="e">pn</subfield>
    <subfield code="c">DGITA</subfield>
  </datafield>
  <datafield tag="020" ind1=" " ind2=" ">
    <subfield code="a">9789569320453</subfield>
    <subfield code="q">(eBook)</subfield>
  </datafield>
  <datafield tag="020" ind1=" " ind2=" ">
    <subfield code="a">9569320451</subfield>
    <subfield code="q">(eBook)</subfield>
  </datafield>
  <datafield tag="020" ind1=" " ind2=" ">
    <subfield code="z">9789569320446</subfield>
  </datafield>
  <datafield tag="020" ind1=" " ind2=" ">
    <subfield code="z">9569320443</subfield>
  </datafield>
  <datafield tag="043" ind1=" " ind2=" ">
    <subfield code="a">s-ag---</subfield>
    <subfield code="a">s-cl---</subfield>
    <subfield code="a">s-pe---</subfield>
  </datafield>
  <datafield tag="050" ind1="1" ind2="4">
    <subfield code="a">PQ7551.A1 ebook</subfield>
  </datafield>
  <datafield tag="245" ind1="0" ind2="0">
    <subfield code="a">Memorias en tinta :</subfield>
    <subfield code="b">ensayos sobre la representaci&#xF3;n de la violencia pol&#xED;tica en Argentina, Chile y Per&#xFA; /</subfield>
    <subfield code="c">Lucero de Vivanco Roca Rey, editora.</subfield>
  </datafield>
  <datafield tag="246" ind1="1" ind2="0">
    <subfield code="a">Ensayos sobre la representaci&#xF3;n de la violencia pol&#xED;tica en Argentina, Chile y Per&#xFA;</subfield>
  </datafield>
  <datafield tag="264" ind1=" " ind2="1">
    <subfield code="a">Santiago de Chile :</subfield>
    <subfield code="b">Ediciones Universidad Alberto Hurtado,</subfield>
    <subfield code="c">[2013]</subfield>
  </datafield>
  <datafield tag="300" ind1=" " ind2=" ">
    <subfield code="a">1 online resource :</subfield>
    <subfield code="b">illustrations.</subfield>
  </datafield>
  <datafield tag="336" ind1=" " ind2=" ">
    <subfield code="a">text</subfield>
    <subfield code="b">txt</subfield>
    <subfield code="2">rdacontent</subfield>
  </datafield>
  <datafield tag="337" ind1=" " ind2=" ">
    <subfield code="a">computer</subfield>
    <subfield code="b">c</subfield>
    <subfield code="2">rdamedia</subfield>
  </datafield>
  <datafield tag="338" ind1=" " ind2=" ">
    <subfield code="a">online resource</subfield>
    <subfield code="b">cr</subfield>
    <subfield code="2">rdacarrier</subfield>
  </datafield>
  <datafield tag="490" ind1="1" ind2=" ">
    <subfield code="a">Colecci&#xF3;n Estudios de literatura</subfield>
  </datafield>
  <datafield tag="504" ind1=" " ind2=" ">
    <subfield code="a">Includes bibliographical references.</subfield>
  </datafield>
  <datafield tag="505" ind1="0" ind2=" ">
    <subfield code="a">Las memorias y la tinta / Lucero de Vivanco, Genevi&#xE8;ve Fabry -- &#xBF;Se puede contar? : historia, memoria y ficci&#xF3;n en la representaci&#xF3;n de la violencia extrema / Carlos Pab&#xF3;n -- El trazo oblicuo : representaciones sesgadas del horror en la narrativa del Cono Sur / Ana Mar&#xED;a Amar S&#xE1;nchez -- Lectofobia, desarraigo y violencia pol&#xED;tica / Jamie Villareal -- Culpables e inocentes, h&#xE9;roes y traidores, c&#xF3;mplices y espectadores : representaciones de la violencia pol&#xED;tica en Argentina desde 1980 hasta el presente / Fernando Reati -- Encrucijada entre pol&#xED;tica y &#xE9;tica en la obra de Luis Gusm&#xE1;n / Betina Keizman -- Violencia y escritura en la obra de Andr&#xE9;s Rivera / Fernando Moreno -- Un discurso a la deriva : digresi&#xF3;n y violencia en Historia del llanto de Alan Pauls / Mar&#xED;a Paz Oliver -- Palabra testimonial y valor ontol&#xF3;gico del amor en los &#xFA;ltimos poemarios de Juan Gelman / Genevi&#xE8;ve Fabry -- A la b&#xFA;squeda de un lugar de enunciaci&#xF3;n apropiado : la d&#xE9;cada de los setenta argentinos en Historia del llano de Alan Pauls / Ilse Logie -- No-velar la historia : A viente a&#xF1;os, Luz (Elso Osorio): el secuestro de beb&#xE9;s y la violencia pol&#xED;tica en Argentina / Gilda Waldman Mitnick -- Violencia pol&#xED;tica y resistencia en la obra de Sara Rosenberg : de Un hilo rojo a Contraluz / Marie Rosier -- Escenarios narrativos y memoria en literatura chilena a partir de 1973 / Mar&#xED;a Teresa Johansson -- Reflejo de la violencia pol&#xED;tica y personal en la escritura l&#xED;rica brutalizada de Ra&#xFA;l Zurita : desde Purgatorio (1979) hasta Zurita (2011) / Beno&#xEE;t Santini -- Representaci&#xF3;n de la violencia en La vida doble de Arturo Fontaine / Cristi&#xE1;n Montes Cap&#xF3; -- El policial en la postdictadura chilena : una relectura de El Tercer Reich de Roberto Bola&#xF1;o -- Representaci&#xF3;n y goce de la violencia en Roberto Bola&#xF1;o / Horst Nitschack -- Las violencias de la urbe : un repertorio inacabado / Luis Campos Medina -- Cuerpo, escritura y violencia : El cuarto mundo de Damiela Eltit y Nadie me ver&#xE1; llorar de Cristina Rivera Garza / Raquel Mosqueda Rivera -- "Pares-dispares" : din&#xE1;micas de simbolizaci&#xF3;n de la violencia pol&#xED;tica en la literatura peruana (de 1980 al presente) / Lucero de Vivanco -- Violencia y poes&#xED;a en el Per&#xFA; : de la colonia a nuestros d&#xED;as / Jos&#xE9; Antonio Mazzotti -- Contrapunteo peruano entre el humor y la violencia / V&#xED;ctor Vich -- Cartograf&#xED;a de los senderos que se bifurcan : breve estudio comparativo de Adi&#xF3;s Ayacucho y Lituma en los Andes / V&#xED;ctor Quiroz -- Naci&#xF3;n, esterilidad y utop&#xED;a en Ya nadie incienda el mundo de Victoria Guerrero / Luis Fernando Chueca -- Maternidad y militancia en el PCL-SL : testimonios y representaciones / Victoria Guerrero Peirano -- Narrativas "desde adentro" en la guerra interna peruana : presentaci&#xF3;n y balance / Mark R. Cox.</subfield>
  </datafield>
  <datafield tag="588" ind1="0" ind2=" ">
    <subfield code="a">Online resource; title from PDF title page (Digitalia, viewed December 7, 2017)</subfield>
  </datafield>
  <datafield tag="650" ind1=" " ind2="0">
    <subfield code="a">Political violence in literature.</subfield>
  </datafield>
  <datafield tag="650" ind1=" " ind2="0">
    <subfield code="a">Spanish American literature</subfield>
    <subfield code="y">20th century</subfield>
    <subfield code="x">History and criticism.</subfield>
  </datafield>
  <datafield tag="650" ind1=" " ind2="0">
    <subfield code="a">Spanish American literature</subfield>
    <subfield code="y">21st century</subfield>
    <subfield code="x">History and criticism.</subfield>
  </datafield>
  <datafield tag="655" ind1=" " ind2="0">
    <subfield code="a">Electronic books.</subfield>
  </datafield>
  <datafield tag="700" ind1="1" ind2=" ">
    <subfield code="a">Vivanco, Lucero de,</subfield>
    <subfield code="d">1963-</subfield>
    <subfield code="e">editor.</subfield>
  </datafield>
  <datafield tag="791" ind1="2" ind2=" ">
    <subfield code="a">Digitalia (Firm),</subfield>
    <subfield code="e">distributor.</subfield>
  </datafield>
  <datafield tag="793" ind1="0" ind2=" ">
    <subfield code="g">Digitalia eBook Collection:</subfield>
    <subfield code="a">Ediciones Universidad Alberto Hurtado</subfield>
  </datafield>
  <datafield tag="776" ind1="0" ind2="8">
    <subfield code="i">Print version:</subfield>
    <subfield code="t">Memorias en tinta.</subfield>
    <subfield code="d">Santiago de Chile : Ediciones Universidad Alberto Hurtado, 2013</subfield>
    <subfield code="z">9789569320446</subfield>
    <subfield code="w">(OCoLC)871070216</subfield>
  </datafield>
  <datafield tag="830" ind1=" " ind2="0">
    <subfield code="a">Colecci&#xF3;n Estudios de literatura.</subfield>
  </datafield>
  <datafield tag="856" ind1="4" ind2="0">
    <subfield code="3">Digitalia Hisp&#xE1;nica</subfield>
    <subfield code="u">https://www.digitaliapublishing.com/a/23721/</subfield>
  </datafield>
  <datafield tag="910" ind1=" " ind2=" ">
    <subfield code="a">Premium collection: 2017</subfield>
  </datafield>
  <datafield tag="942" ind1=" " ind2=" ">
    <subfield code="c">RAA</subfield>
  </datafield>
  <datafield tag="952" ind1=" " ind2=" ">
    <subfield code="0">0</subfield>
    <subfield code="1">0</subfield>
    <subfield code="4">0</subfield>
    <subfield code="7">0</subfield>
    <subfield code="8">DEH</subfield>
    <subfield code="a">BD-UIN</subfield>
    <subfield code="b">BD-UIN</subfield>
    <subfield code="d">2025-04-25</subfield>
    <subfield code="l">0</subfield>
    <subfield code="r">2025-04-25</subfield>
    <subfield code="w">2025-04-25</subfield>
    <subfield code="y">RAA</subfield>
  </datafield>
  <datafield tag="999" ind1=" " ind2=" ">
    <subfield code="c">237878</subfield>
    <subfield code="d">237878</subfield>
  </datafield>
</record>
